000 00454cam a2200181 4500
001 D14781
008 090401t1929 xxu||||| |||| 00| 0 eng d
035 _a(Sirsi) u17864
041 _aeng
050 _a693.21
100 _aJaggard, Walter R
245 _aBrickwork and its construction: a text-book for all workers in brick
260 _aLondon
_bOUP
_c1929
300 _axii. 317p. ill. 22cm
350 _a0
942 _n0
948 _c04/03/1997
999 _c87553
_d87553